=LDR 00000nam 2200000 4500 =001 INLIS000000000013725 =005 20130612105054 =008 ***********************************Ind** =035 ##$$0010-061300000013725 =041 ##$$a Ind =082 ##$$a 576.139 =090 ##$$a 576.139, Old p =100 ##$$a Old, R.W =245 ##$$a Prinsip-prinsip manipulasi gen suatu pengantar rekayasa genetik, R.W. Old ;penerjemah, Herawati Susilo =260 ##$$a 2003 $b Jakarta =300 ##$$a 446 hlm, Ilus, 24 cm =650 ##$$a Genetika bakterial =700 ##$$a Susilo, Herawati =850 ##$$a NBPNMAT =990 ##$$a 0001/BPAP-NTB/20142015 =990 ##$$a 0001/BPAP-NTB/2015 =990 ##$$a 0001/BPAP-NTB/2016